[Event "Clusane op 1st"]
[Site "Clusane"]
[Date "2024.03.01"]
[Round "3"]
[White "Bricola, Tommaso"]
[Black "Marcenaro, Alessandro"]
[Result "0-1"]
[WhiteElo "1926"]
[BlackElo "2031"]
[PlyCount "75"]
[EventDate "2024.02.29"]
[EventType "swiss"]
[EventRounds "7"]
[EventCountry "ITA"]
[SourceTitle "CB11_2024"]
[SourceDate "2024.03.13"]
[SourceVersion "1"]
[SourceVersionDate "2024.03.13"]
[SourceQuality "1"]

1. e4 e6 2. Nf3 d5 3. e5 c5 4. b4 cxb4 5. a3 d4 6. Bb2 Nc6 7. Bb5 Bd7 8. Qe2 Qb6 9. 0-0 Nxe5 10. Bxd7+ Nxd7 11. Bxd4 Qd8 12. axb4 Ngf6 13. Nc3 Be7 14. Bxa7 b6 15. Ra4 0-0 16. Rfa1 Qc7 17. Nb5 Qxc2 18. Nfd4 Qc8 19. Qf3 Nd5 20. Nc3 N7f6 21. b5 Qd7 22. Nc6 Rfc8 23. g4 h6 24. h4 Nxc3 25. dxc3 Bc5 26. Rd1 Qb7 27. g5 hxg5 28. hxg5 Nd5 29. Rh4 Rxc6 30. bxc6 Qxc6 31. c4 Ne7 32. Qd3 Nf5 33. Rh3 Qb7 34. g6 Qxa7 35. gxf7+ Qxf7 36. Qe4 Rf8 37. Rd2 Qg6+ 38. Rg3 0-1

[Event "Clusane op 1st"]
[Site "Clusane"]
[Date "2024.02.29"]
[Round "1"]
[White "Gagliardi, Christian"]
[Black "Bricola, Tommaso"]
[Result "1-0"]
[WhiteElo "2154"]
[BlackElo "1926"]
[PlyCount "73"]
[EventDate "2024.02.29"]
[EventType "swiss"]
[EventRounds "7"]
[EventCountry "ITA"]
[SourceTitle "CB11_2024"]
[SourceDate "2024.03.13"]
[SourceVersion "1"]
[SourceVersionDate "2024.03.13"]
[SourceQuality "1"]

1. d4 Nf6 2. Bf4 c5 3. e3 Qb6 4. Na3 Qxb2 5. Nb5 Nd5 6. a3 a6 7. Rb1 Qa2 8. Qc1 axb5 9. Ra1 Qxa1 10. Qxa1 e5 11. Bxe5 c4 12. Bxb8 Rxa3 13. Qc1 Bb4+ 14. Ke2 Nc3+ 15. Kf3 b6 16. Nh3 0-0 17. Kg3 Bb7 18. Bc7 Ne4+ 19. Kf4 Be7 20. f3 g5+ 21. Kf5 d6 22. Nxg5 Nxg5 23. Qxa3 Bc8+ 24. Kf4 Ne6+ 25. Kg3 Nxc7 26. Qa7 Bd8 27. e4 f5 28. e5 dxe5 29. dxe5 f4+ 30. Kf2 Bf5 31. Be2 Nd5 32. Qb7 Ne3 33. Ra1 Rf7 34. Qb8 Rd7 35. Ra7 Rd2 36. e6 Bxe6 37. Qxf4 1-0